|
|
|
|
| LEADER |
01764nam a2200433 a 4500 |
| 001 |
000773918 |
| 003 |
CZ BrMZK |
| 005 |
20051010135406.0 |
| 007 |
ta |
| 008 |
050511s2005 xr aeh crp 000 0 cze d |
| 015 |
|
|
|a cnb001543605
|
| 020 |
|
|
|a 80-7361-003-5
|q (brož.)
|
| 035 |
|
|
|a (OCoLC)71000991
|
| 040 |
|
|
|a BOA001
|b cze
|
| 072 |
|
7 |
|a 94(100)"04/..."
|x Dějiny středověku a novověku (obecně)
|2 Konspekt
|9 8
|
| 072 |
|
7 |
|a 37.016
|x Učební osnovy. Vyučovací předměty. Učebnice
|2 Konspekt
|9 22
|
| 080 |
|
|
|a 94"04/14"
|2 MRF
|
| 080 |
|
|
|a 316.728
|2 MRF
|
| 080 |
|
|
|a 394
|2 MRF
|
| 080 |
|
|
|a (075.2)
|2 MRF
|
| 080 |
|
|
|a (075.3)
|2 MRF
|
| 100 |
1 |
|
|a Petráňová, Lydia,
|d 1941-
|7 jo20000080761
|4 aut
|
| 245 |
1 |
0 |
|a Průvodce všedním životem ve středověku /
|c Lydia Petráňová
|
| 250 |
|
|
|a 1. vyd.
|
| 260 |
|
|
|a Úvaly :
|b Albra,
|c 2005
|
| 300 |
|
|
|a 83 s. :
|b il. (převážně barev.), plány, faksim. ;
|c 30 cm
|
| 490 |
1 |
|
|a Pomocné knihy pro žáky a učitele
|
| 500 |
|
|
|a Dostupné též v digitální podobě v aplikaci Kramerius
|
| 650 |
0 |
7 |
|a středověk
|7 ph126223
|2 czenas
|
| 650 |
0 |
7 |
|a každodenní život
|7 ph121555
|y 5.-15. stol.
|2 czenas
|
| 655 |
|
7 |
|a učebnice základních škol
|7 fd133773
|2 czenas
|
| 655 |
|
7 |
|a učebnice středních škol
|7 fd133771
|2 czenas
|
| 830 |
|
0 |
|a Pomocné knihy pro žáky a učitele
|
| 856 |
4 |
1 |
|u http://www.digitalniknihovna.cz/mzk/uuid/uuid:ebc7d1c0-8957-11e6-88c5-005056827e52
|y Digitalizovaný dokument
|x NDK
|
| 910 |
|
|
|a BOA001
|b 3-1150.260
|
| 990 |
|
|
|a BK
|
| 991 |
|
|
|b 200507
|c NOV
|
| 996 |
6 |
|
|b 2610251110
|c 3-1150.260
|l MZK
|r Sklad / do 1 hodiny
|n 17
|p p.v.
|w 000773918
|u 000010
|a 1
|e BOA001
|j MZK50
|s P
|
| 996 |
7 |
|
|b 2610260774
|c 3-1150.260
|l MZK
|r Sklad / do 1 hodiny
|n 45
|p kup
|w 000773918
|u 000020
|a 1
|e BOA001
|j MZK50
|s A
|